000 02938cam a22003854a 4500
005 20260322212032.0
008 data
010 _a 2009010391
020 _a9781433805615 (softcover)
020 _a1433805618 (softcover)
020 _a9781433805592 (hardcover)
020 _a1433805596 (hardcover)
020 _a9781433805622 (spiral bound)
020 _a1433805626 (spiral bound)
040 _aDLC
_cDLC
_dWS7
_dNDD
_dFER
_dEMM
_dCDX
_dBWX
_dEDK
_dNLGGC
_dWS7
041 0 9 _aeng
042 _anlmcopyc
_anlmcopyc
044 _9United States
050 0 0 _aBF76.7
_b.P83 2010
060 1 0 _aWZ 345
_bP976 2010
_9HonorHlth
082 0 0 _a808/.06615
_222
092 _a808.06 Pub 2010
245 1 0 _aPublication manual of the American Psychological Association /
250 _a6th ed.
260 _aWashington, DC :
_bAmerican Psychological Association,
_cc2010.
300 _axviii, 272 p. :
_bill. ;
_c26 cm.
504 _aIncludes bibliographical references and index.
520 _aFrom the Publisher: With millions of copies sold, the Publication Manual of the American Psychological Association is the style manual of choice for writers, editors, students, educators, and professionals in psychology, sociology, business, economics, nursing, social work, and justice administration, and other disciplines in which effective communication with words and data is fundamental. In addition to providing clear guidance on grammar, the mechanics of writing, and APA style, the Publication Manual offers an authoritative and easy-to-use reference and citation system and comprehensive coverage of the treatment of numbers, metrication, statistical and mathematical data, tables, and figures for use in writing, reports, or presentations. The new edition has been revised and updated to include: The latest guidelines and examples for referencing electronic and online sources; New and revised guidelines for submitting papers electronically; Improved guidelines for avoiding plagiarism; Simplified formatting guidelines for writers using up-to-date word-processing software; All new guidelines for presenting case studies; Improved guidelines for the construction of tables; Updates on copyright and permissions issues for writers. New reference examples for audiovisual media and patents; An expanded and improved index for quick and easy access; Writers, scholars, and professionals will also find: New guidelines on how to choose text, tables, or figures to present data; Guidelines for writing cover letters for submitting articles for publication, plus a sample letter; Expanded guidelines on the retention of raw data; New advice on establishing written agreements for the use of shared data; New information on the responsibilities of co-authors.
650 2 _aWriting
650 2 _aJournalism, Medical
650 2 _aAuthorship
720 2 _aAmerican Psychological Association.
994 _aCDN
_b20090813
001 data
999 _c746
_d746